| 000 | 01012nam a2200241Ia 4500 | ||
|---|---|---|---|
| 999 |
_c10008 _d10008 |
||
| 003 | GCL | ||
| 005 | 20240530095728.0 | ||
| 008 | 140319s9999 xx 000 0 ara d | ||
| 040 |
_aGCL / _cGCL |
||
| 082 | 0 | 4 |
_a214 _bع م |
| 100 | 1 | _aعلاءالدين ابوالحسن على بن ميمون بن ابى بكر بن يوسف بن اسماعيل الادريسى | |
| 245 | 1 | 0 |
_aمواهب الرحمن فى كشف عورات الشيطان / _cعلاءالدين ابوالحسن على بن ميمون بن ابى بكر بن يوسف بن اسماعيل الادريسى |
| 250 | _aالاولى | ||
| 260 |
_aالاردن : _bالمؤلف ، _c2006 |
||
| 300 |
_a100 ص ؛ _c24 سم |
||
| 650 | 0 | 4 | _aالاخلاق الاسلامية |
| 650 | 0 | 4 | _aالشياطين والجان |
| 650 | 0 | 4 | _aالثقافة الاسلامية |
| 650 | 0 | 4 | _aالحلال والحرام |
| 650 | 0 | 4 | _aالاسلام - مبادىء عامة |
| 700 | 1 | _aشوكت رفقى شوكت شحالتوغ | |
| 942 |
_2ddc _cBK |
||